Fairtrade - nový přístup k nakupování

Spravodlivé podmienky a spravodlivý obchod voči farmárom z krajín tretieho sveta ako podstatná filozofia fairtrade. Spoločnosť Marks and Spencer pôsobiaca v Českej republike ako jedna z lídrov vo vytvárania fairtrade. Čaj a káva ako hlavné produkty. Povolenie používať logo fairtrade. Nákupné správan...

Descrizione completa

Salvato in:
Dettagli Bibliografici
Autore principale: Fišerová, Renata
Natura: Capitolo di libro
Lingua:ceco
Soggetti:
Tags: Aggiungi Tag
Nessun Tag, puoi essere il primo ad aggiungerne!!

MARC

LEADER 00000naa$a2200000$$$4500
001 0056760
005 20231016105818.9
041 0 |a cze 
044 |a CZ 
245 1 0 |a Fairtrade - nový přístup k nakupování  |c Renata Fišerová 
520 |a Spravodlivé podmienky a spravodlivý obchod voči farmárom z krajín tretieho sveta ako podstatná filozofia fairtrade. Spoločnosť Marks and Spencer pôsobiaca v Českej republike ako jedna z lídrov vo vytvárania fairtrade. Čaj a káva ako hlavné produkty. Povolenie používať logo fairtrade. Nákupné správanie zákazníka. Dôležitosť rozširovania informácií o cieľoch fairtrade. 
610 2 0 |a obchod 
610 2 0 |a produkty 
610 2 0 |a produkcia 
610 2 0 |a poľnohospodárstvo 
610 2 0 |a farmy 
610 2 0 |a krajiny rozvojové 
610 2 0 |a podmienky obchodné 
610 2 0 |a politika obchodná 
610 2 0 |a ochrana prostredia životného 
100 1 |a Fišerová, Renata